Choosing to lead

Bibliographic Details
Main Author: Clark, Kenneth E.
Corporate Authors: Center for Creative Leadership., ProQuest (Firm)
Other Authors: Clark, Miriam B.
Format: Electronic eBook
Language:English
Published: Greensboro, N.C. : Center for Creative Leadership, 1996.
Edition:2nd ed.
Subjects:
Online Access:Click to View
LEADER 01347nam a2200373Ia 4500
001 EBC3007568
003 MiAaPQ
005 20200520144314.0
006 m o d |
007 cr cn|||||||||
008 940314s1996 ncua sb 001 0 eng d
020 |z 1882197127 
035 |a (MiAaPQ)EBC3007568 
035 |a (Au-PeEL)EBL3007568 
035 |a (CaPaEBR)ebr10185380 
035 |a (OCoLC)923617207 
040 |a MiAaPQ  |c MiAaPQ  |d MiAaPQ 
050 4 |a HD57.7  |b .C56 1996 
082 0 4 |a 305.4/0973  |2 20 
100 1 |a Clark, Kenneth E. 
245 1 0 |a Choosing to lead  |h [electronic resource] /  |c Kenneth E. Clark and Miriam B. Clark. 
250 |a 2nd ed. 
260 |a Greensboro, N.C. :  |b Center for Creative Leadership,  |c 1996. 
300 |a xx, 290 p. :  |b ill. 
500 |a "A Center for Creative Leadership Book." 
504 |a Includes bibliographical references (p. 180-197) and index. 
533 |a Electronic reproduction. Ann Arbor, MI : ProQuest, 2015. Available via World Wide Web. Access may be limited to ProQuest affiliated libraries. 
650 0 |a Leadership. 
650 0 |a Management. 
655 4 |a Electronic books. 
700 1 |a Clark, Miriam B. 
710 2 |a Center for Creative Leadership. 
710 2 |a ProQuest (Firm) 
856 4 0 |u https://ebookcentral.proquest.com/lib/matrademy/detail.action?docID=3007568  |z Click to View